000 01240nam a22002297a 4500
008 130821s2008 xxu gr eng
020 _a0813343763
020 _a9780813343761
040 _aCo-BoUCM
_bspa
041 0 0 _aeng
100 1 _aMcCormick, John
_d1954-
_9151767
245 1 4 _aThe European Union politics and policies
_cJohn McCormick.
250 _a4th ed.
260 _aBoulder (Colorado, Estados Unidos)
_bWestview Press
_c2008
300 _a417 páginas
504 _aIncluye referencias bibliogrráficas e indice.
505 0 _aWhat is the European Union? . -- Origins : the postwar world . -- Emergence : the road from Paris . -- Consolidation : to the Euro and beyond . -- The European Commission . -- The Council of Ministers . -- The European Parliament . -- The European Court of Justice . -- The European Council and specialized agencies . -- Representing interests . -- Public policy in the EU . -- Economic policy . -- Agricultural and environmental policy . -- Cohesion policy . -- Foreign policy . -- The EU and the United States.
650 0 4 _aDerecho internacional
_912776
651 2 0 _aUnión Europea
_927381
942 _cLIBRO
_a8
_e4
_mM131e
_2DEWEY
_h341.2422
999 _c92537
_d92537